000 00521nam a2200181Ia 4500
001 4010
005 20260306145724.0
008 260306t1993||||xx |||||||||||||| ||spa||
041 _aESP
082 _a306.42
_bV935
100 _aVelasco Maillo, Honorio M.
_eAUT
245 0 _aLecturas de antropologia para educadores:
_bel ámbito de la antropología de la educación y de la etnografía escolar
260 _c1993
300 _a461 páginas :
_c23 cm.
650 _aGEN
654 _aCHU
942 _cLIB
_dJUS
_fJUS
_2ddc
_n
999 _c4010
_d4010